| 000 | 00407nam a2200181Ia 4500 | ||
|---|---|---|---|
| 005 | 20251020182540.0 | ||
| 008 | 200515s9999 xx 000 0 und d | ||
| 082 | _a728.2/N28 | ||
| 100 | _aNAVARRO, Hugo | ||
| 245 | 0 | _aLa vivienda de interés social en Panamá | |
| 260 | _aPanamá | ||
| 260 | _c1975 | ||
| 300 | _a288 | ||
| 500 | _a1 ejemplar | ||
| 650 | _aLIB | ||
| 650 | _aVIVIENDAS | ||
| 942 | _cLIB | ||
| 999 |
_c2354 _d2354 |
||